Statistics for Hardest JetPunk Answers

Click here to take the quiz!

General Stats

  • This quiz has been taken 148 times
  • The average score is 4 of 20

Answer Stats

QuizAnswer% Correct
Santa's Reindeer QuizVixen
45%
Countries with Z in NameKyrgyzstan
37%
Four-Letter CountriesLaos
37%
Europe Map Quiz (countries)Belarus
35%
Countries Bordering Russia QuizNorway
35%
Landlocked CountriesKosovo
32%
Canadian Provinces QuizNunavut
32%
European Capitals QuizPodgorica
28%
US Presidents QuizChester A. Arthur
25%
US States QuizMassachusetts
20%
Apostles of JesusThaddeus
13%
Three Letter Body PartsGum
10%
Books of the BibleNahum
9%
U.S. State CapitalsConcord
7%
NFL Teams QuizSt. Louis Rams
7%
Major League Baseball TeamsMilwaukee Brewers
6%
African CapitalsCotonou
3%
2014 FIFA World Cup Quiz (teams)Ecuador
2%
Periodic Table ElementsFlerovium
2%
Orchestra Instruments QuizGuiro
1%

Score Distribution

Percentile by Number Answered

Percent of People with Each Score

Your Score History

You have not taken this quiz